[Event "GER-chW Blitz 2019"]
[Site "Magdeburg"]
[Date "2019.05.25"]
[Round "10.5"]
[White "Daemering, Katrin"]
[Black "Schulze, Lara"]
[Result "0-1"]
[WhiteElo "2003"]
[BlackElo "2160"]
[Annotator "NA"]
[PlyCount "154"]
[EventDate "2019.05.25"]
[EventType "tourn"]
[EventCountry "GER"]
[SourceTitle "playchess.com"]
[Source "ChessBase"]
[SourceQuality "1"]
[TimeControl "180+2"]

1. Nf3 {[%emt 0:00:00]} Nf6 {[%emt 0:00:01]} 2. g3 {[%emt 0:00:00]} b5 {[%emt 0:00:00]} 3. Bg2 Bb7 4. O-O {[%emt 0:00:02]} e6 {[%emt 0:00:01]} 5. d3 {[%emt 0:00:01]} Be7 {[%emt 0:00:03]} 6. e4 {[%emt 0:00:01]} d6 {[%emt 0:00:00]} 7. Nc3 {[%emt 0:00:01]} a6 {[%emt 0:00:04]} 8. h3 {[%emt 0:00:03]} O-O {[%emt 0:00:02]} 9. Be3 {[%emt 0:00:01]} c5 {[%emt 0:00:01]} 10. Ne1 {[%emt 0:00:05]} d5 {[%emt 0:00:08]} 11. exd5 {[%emt 0:00:05]} Nxd5 {[%emt 0:00:17]} 12. Nxd5 {[%emt 0:00:10]} Bxd5 {[%emt 0:00:01]} 13. Nf3 {[%emt 0:00:04]} Nd7 {[%emt 0:00:06]} 14. Qd2 {[%emt 0:00:20]} Bf6 {[%emt 0:00:11]} 15. c3 {[%emt 0:00:14]} Qc7 {[%emt 0:00:13]} 16. Bf4 {[%emt 0:00:16]} Qb7 {[%emt 0:00:01]} 17. Ne1 {[%emt 0:00:06]} Bxg2 {[%emt 0:00:15]} 18. Nxg2 {[%emt 0:00:01]} Rad8 {[%emt 0:00:01]} 19. Qe2 {[%emt 0:00:17]} Rfe8 {[%emt 0:00:30]} 20. Rfe1 {[%emt 0:00:02]} b4 {[%emt 0:00:09]} 21. Rac1 {[%emt 0:00:07]} Qd5 {[%emt 0:00:47]} 22. Ne3 {[%emt 0:00:13]} Qxa2 {[%emt 0:00:07]} 23. Ra1 {[%emt 0:00:02]} Qb3 {[%emt 0:00:02]} 24. Nc4 {[%emt 0:00:11]} bxc3 {[%emt 0:00:12]} 25. Ra3 {[%emt 0:00:03]} Qb4 {[%emt 0:00:18]} 26. bxc3 {[%emt 0:00:03]} Bxc3 {[%emt 0:00:05]} 27. Rc1 {[%emt 0:00:06]} Bd4 {[%emt 0:00:05]} 28. Rxa6 {[%emt 0:00:05]} e5 {[%emt 0:00:03]} 29. Bd2 {[%emt 0:00:02]} Qb7 {[%emt 0:00:01]} 30. Ra2 {[%emt 0:00:04]} Nf6 {[%emt 0:00:01]} 31. Rac2 {[%emt 0:00:07]} Nd5 {[%emt 0:00:01]} 32. Ne3 {[%emt 0:00:06]} Nb4 {[%emt 0:00:03]} 33. Bxb4 {[%emt 0:00:04]} Qxb4 {[%emt 0:00:01]} 34. Rc4 {[%emt 0:00:05]} Qb7 {[%emt 0:00:02]} 35. Nf5 {[%emt 0:00:10]} Qd7 {[%emt 0:00:02]} 36. Qg4 {[%emt 0:00:10]} g6 {[%emt 0:00:08]} 37. Nxd4 {[%emt 0:00:12]} Qxg4 {[%emt 0:00:06]} 38. hxg4 {[%emt 0:00:02]} cxd4 {[%emt 0:00:00]} 39. Re1 {[%emt 0:00:03]} Kg7 {[%emt 0:00:01]} 40. Rc5 {[%emt 0:00:01]} f6 {[%emt 0:00:02]} 41. Kg2 {[%emt 0:00:02]} Kh6 {[%emt 0:00:01]} 42. Kf3 {[%emt 0:00:01]} Kg5 {[%emt 0:00:01]} 43. Re4 {[%emt 0:00:02]} Rb8 {[%emt 0:00:01]} 44. Rxd4 Rb3 {[%emt 0:00:03]} 45. Rdd5 {[%emt 0:00:08]} Ra8 {[%emt 0:00:02]} 46. Ke4 {[%emt 0:00:06]} Kxg4 {[%emt 0:00:03]} 47. Rd6 {[%emt 0:00:03]} Ra4+ {[%emt 0:00:01]} 48. Rc4 {[%emt 0:00:05]} Rbb4 {[%emt 0:00:01]} 49. Rxf6 {[%emt 0:00:05]} Rxc4+ {[%emt 0:00:02]} 50. dxc4 {[%emt 0:00:00]} Rxc4+ {[%emt 0:00:00]} 51. Kxe5 {[%emt 0:00:01]} g5 {[%emt 0:00:04]} 52. Rh6 {[%emt 0:00:04]} Rc2 {[%emt 0:00:03]} 53. Rxh7 Rxf2 {[%emt 0:00:00]} 54. Rg7 {[%emt 0:00:07]} Re2+ {[%emt 0:00:02]} 55. Kd4 {[%emt 0:00:01]} Rg2 {[%emt 0:00:02]} 56. Ke4 {[%emt 0:00:03]} Rxg3 {[%emt 0:00:01]} 57. Rg6 {[%emt 0:00:01]} Rg1 {[%emt 0:00:02]} 58. Ke3 {[%emt 0:00:01]} Rf1 {[%emt 0:00:02]} 59. Ke2 {[%emt 0:00:01]} Rf8 {[%emt 0:00:01]} 60. Ke3 {[%emt 0:00:02]} Kh5 {[%emt 0:00:05]} 61. Rg7 {[%emt 0:00:01]} Kh4 {[%emt 0:00:03]} 62. Rh7+ {[%emt 0:00:01]} Kg3 {[%emt 0:00:00]} 63. Rg7 g4 64. Rh7 {[%emt 0:00:02]} Kg2 {[%emt 0:00:03]} 65. Rg7 {[%emt 0:00:02]} g3 {[%emt 0:00:00]} 66. Ke2 {[%emt 0:00:01]} Kh2 {[%emt 0:00:06]} 67. Ke1 {[%emt 0:00:04]} g2 {[%emt 0:00:01]} 68. Rh7+ {[%emt 0:00:01]} Kg1 {[%emt 0:00:01]} 69. Rg7 {[%emt 0:00:01]} Re8+ {[%emt 0:00:01]} 70. Kd2 {[%emt 0:00:01]} Re5 {[%emt 0:00:03]} 71. Kd1 {[%emt 0:00:02]} Kf2 {[%emt 0:00:08]} 72. Rf7+ {[%emt 0:00:01]} Kg3 {[%emt 0:00:02]} 73. Rg7+ {[%emt 0:00:01]} Kf3 {[%emt 0:00:01]} 74. Rf7+ {[%emt 0:00:01]} Kg4 {[%emt 0:00:01]} 75. Rg7+ {[%emt 0:00:01]} Rg5 {[%emt 0:00:00]} 76. Rxg5+ Kxg5 77. Ke2 {[%emt 0:00:03]} g1=Q {[%emt 0:00:03]} 0-1

[Event "GER-chW Blitz 2019"]
[Site "Magdeburg"]
[Date "2019.05.25"]
[Round "10.6"]
[White "Sieber, Fiona"]
[Black "Kushka, Alena"]
[Result "0-1"]
[WhiteElo "2250"]
[BlackElo "2148"]
[Annotator "NA"]
[PlyCount "122"]
[EventDate "2019.05.25"]
[EventType "tourn"]
[EventCountry "GER"]
[SourceTitle "playchess.com"]
[Source "ChessBase"]
[SourceQuality "1"]
[TimeControl "180+2"]

1. e4 {[%emt 0:00:00]} c5 {[%emt 0:00:00]} 2. Nf3 {[%emt 0:00:00]} Nc6 {[%emt 0:00:00]} 3. d4 {[%emt 0:00:01]} cxd4 {[%emt 0:00:00]} 4. Nxd4 {[%emt 0:00:01]} Qb6 {[%emt 0:00:01]} 5. Nb3 {[%emt 0:00:06]} Nf6 {[%emt 0:00:01]} 6. Be3 {[%emt 0:00:02]} Qb4+ {[%emt 0:00:00]} 7. N1d2 {[%emt 0:00:08]} Nxe4 {[%emt 0:00:03]} 8. c3 {[%emt 0:00:03]} Qa4 {[%emt 0:00:03]} 9. Bd3 {[%emt 0:00:11]} Nxd2 {[%emt 0:00:09]} 10. Qxd2 {[%emt 0:00:02]} d5 {[%emt 0:00:26]} 11. O-O {[%emt 0:00:29]} e6 {[%emt 0:00:12]} 12. Qe2 {[%emt 0:00:30]} Qh4 {[%emt 0:00:12]} 13. f4 {[%emt 0:00:20]} Bd6 {[%emt 0:00:05]} 14. g3 {[%emt 0:00:25]} Qe7 {[%emt 0:00:12]} 15. f5 {[%emt 0:00:19]} exf5 {[%emt 0:00:15]} 16. Rae1 {[%emt 0:00:06]} O-O {[%emt 0:00:07]} 17. Qf3 {[%emt 0:00:04]} Ne5 {[%emt 0:00:16]} 18. Qd1 {[%emt 0:00:04]} Nxd3 {[%emt 0:00:10]} 19. Qxd3 {[%emt 0:00:01]} Qe4 {[%emt 0:00:12]} 20. Qd2 {[%emt 0:00:04]} Qc4 {[%emt 0:00:28]} 21. Nd4 {[%emt 0:00:09]} Bd7 {[%emt 0:00:03]} 22. b3 {[%emt 0:00:05]} Qc8 {[%emt 0:00:09]} 23. Bf4 {[%emt 0:00:13]} Bxf4 {[%emt 0:00:07]} 24. Rxf4 {[%emt 0:00:01]} Re8 {[%emt 0:00:02]} 25. Ref1 {[%emt 0:00:01]} Re4 {[%emt 0:00:04]} 26. R4f3 {[%emt 0:00:07]} Qc5 {[%emt 0:00:04]} 27. Kg2 {[%emt 0:00:02]} Rae8 {[%emt 0:00:02]} 28. R1f2 {[%emt 0:00:02]} g6 {[%emt 0:00:03]} 29. Qd3 {[%emt 0:00:02]} Qe7 {[%emt 0:00:03]} 30. Nc2 {[%emt 0:00:09]} Bc6 {[%emt 0:00:03]} 31. b4 {[%emt 0:00:03]} a6 {[%emt 0:00:05]} 32. Nd4 {[%emt 0:00:03]} Re3 {[%emt 0:00:02]} 33. Qd2 {[%emt 0:00:05]} Rxf3 {[%emt 0:00:02]} 34. Rxf3 {[%emt 0:00:02]} Qe4 {[%emt 0:00:02]} 35. Kg1 {[%emt 0:00:07]} Qe1+ {[%emt 0:00:02]} 36. Qxe1 {[%emt 0:00:02]} Rxe1+ {[%emt 0:00:01]} 37. Kf2 {[%emt 0:00:00]} Ra1 {[%emt 0:00:01]} 38. Re3 {[%emt 0:00:02]} Rxa2+ {[%emt 0:00:01]} 39. Kf3 {[%emt 0:00:01]} Kf8 {[%emt 0:00:02]} 40. Re5 {[%emt 0:00:01]} f6 {[%emt 0:00:02]} 41. Re6 {[%emt 0:00:01]} Kf7 {[%emt 0:00:01]} 42. Rd6 {[%emt 0:00:02]} Ra3 {[%emt 0:00:01]} 43. Rd8 {[%emt 0:00:02]} Rxc3+ 44. Ke2 {[%emt 0:00:00]} Rc4 {[%emt 0:00:03]} 45. Nxc6 bxc6 {[%emt 0:00:01]} 46. Ra8 {[%emt 0:00:03]} Rxb4 {[%emt 0:00:02]} 47. Rxa6 {[%emt 0:00:01]} Rc4 {[%emt 0:00:00]} 48. Ra7+ {[%emt 0:00:01]} Ke6 {[%emt 0:00:02]} 49. Rxh7 {[%emt 0:00:01]} c5 {[%emt 0:00:00]} 50. Rc7 {[%emt 0:00:02]} Rc2+ {[%emt 0:00:01]} 51. Kd3 {[%emt 0:00:01]} Rxh2 {[%emt 0:00:02]} 52. Rxc5 {[%emt 0:00:01]} Rg2 {[%emt 0:00:01]} 53. Rc6+ {[%emt 0:00:01]} Ke5 {[%emt 0:00:01]} 54. Rc8 {[%emt 0:00:02]} Rxg3+ 55. Ke2 Kf4 {[%emt 0:00:04]} 56. Rd8 {[%emt 0:00:02]} Ke4 {[%emt 0:00:01]} 57. Re8+ {[%emt 0:00:01]} Kd4 {[%emt 0:00:01]} 58. Ra8 {[%emt 0:00:01]} f4 {[%emt 0:00:02]} 59. Ra4+ {[%emt 0:00:01]} Ke5 {[%emt 0:00:01]} 60. Kf2 {[%emt 0:00:01]} Rb3 {[%emt 0:00:01]} 61. Ra8 {[%emt 0:00:03]} g5 {[%emt 0:00:01]} 0-1

[Event "GER-chW Blitz 2019"]
[Site "Magdeburg"]
[Date "2019.05.25"]
[Round "10.7"]
[White "Osmanodja, Filiz"]
[Black "Ries, Jutta"]
[Result "1-0"]
[WhiteElo "2260"]
[BlackElo "2017"]
[Annotator "NA"]
[PlyCount "139"]
[EventDate "2019.05.25"]
[EventType "tourn"]
[EventCountry "GER"]
[SourceTitle "playchess.com"]
[Source "ChessBase"]
[SourceQuality "1"]
[TimeControl "180+2"]

1. e4 {[%emt 0:00:00]} Nf6 {[%emt 0:00:00]} 2. e5 {[%emt 0:00:00]} Nd5 3. d4 d6 4. c4 Nb6 {[%emt 0:00:02]} 5. exd6 {[%emt 0:00:01]} cxd6 {[%emt 0:00:02]} 6. Nc3 {[%emt 0:00:01]} g6 7. Be3 Bg7 {[%emt 0:00:03]} 8. Rc1 {[%emt 0:00:01]} O-O {[%emt 0:00:03]} 9. Nf3 {[%emt 0:00:09]} Bg4 {[%emt 0:00:08]} 10. h3 {[%emt 0:00:15]} Bxf3 {[%emt 0:00:09]} 11. Qxf3 {[%emt 0:00:01]} Nc6 {[%emt 0:00:01]} 12. Qd1 {[%emt 0:00:22]} d5 {[%emt 0:00:32]} 13. c5 {[%emt 0:00:15]} Nc4 {[%emt 0:00:01]} 14. b3 {[%emt 0:00:34]} Nxe3 {[%emt 0:00:03]} 15. fxe3 {[%emt 0:00:01]} e5 {[%emt 0:00:05]} 16. dxe5 {[%emt 0:01:11]} d4 {[%emt 0:00:02]} 17. exd4 {[%emt 0:00:11]} Nxd4 {[%emt 0:00:01]} 18. Ne2 {[%emt 0:00:24]} Bxe5 {[%emt 0:00:14]} 19. Nxd4 {[%emt 0:00:07]} Bxd4 {[%emt 0:00:02]} 20. Be2 {[%emt 0:00:03]} Qh4+ {[%emt 0:00:02]} 21. Kd2 {[%emt 0:00:03]} Rad8 {[%emt 0:00:02]} 22. Kc2 {[%emt 0:00:01]} Bxc5 {[%emt 0:00:02]} 23. Bd3 {[%emt 0:00:03]} Qf2+ {[%emt 0:00:06]} 24. Kb1 {[%emt 0:00:01]} Rd6 {[%emt 0:00:08]} 25. Qc2 {[%emt 0:00:03]} Qxc2+ {[%emt 0:00:04]} 26. Bxc2 {[%emt 0:00:00]} Ba3 {[%emt 0:00:01]} 27. Rcd1 {[%emt 0:00:01]} Rfd8 {[%emt 0:00:01]} 28. Rxd6 {[%emt 0:00:01]} Rxd6 {[%emt 0:00:00]} 29. Rd1 {[%emt 0:00:00]} Rf6 {[%emt 0:00:04]} 30. Rd8+ {[%emt 0:00:02]} Kg7 {[%emt 0:00:01]} 31. Rd1 {[%emt 0:00:02]} Rf2 {[%emt 0:00:01]} 32. g4 {[%emt 0:00:02]} Rf3 {[%emt 0:00:03]} 33. Rh1 {[%emt 0:00:02]} b5 {[%emt 0:00:02]} 34. h4 {[%emt 0:00:03]} Rf4 {[%emt 0:00:08]} 35. Rg1 {[%emt 0:00:03]} Kf6 {[%emt 0:00:01]} 36. g5+ {[%emt 0:00:03]} Ke5 {[%emt 0:00:03]} 37. Re1+ {[%emt 0:00:03]} Kd4 {[%emt 0:00:02]} 38. h5 {[%emt 0:00:02]} Rg4 {[%emt 0:00:11]} 39. Rd1+ {[%emt 0:00:02]} Kc5 {[%emt 0:00:08]} 40. hxg6 {[%emt 0:00:03]} hxg6 {[%emt 0:00:01]} 41. Rf1 {[%emt 0:00:02]} Rxg5 {[%emt 0:00:03]} 42. Bd1 {[%emt 0:00:03]} f5 {[%emt 0:00:02]} 43. Rf2 {[%emt 0:00:02]} Rg1 44. Kc2 Kb6 {[%emt 0:00:08]} 45. Re2 {[%emt 0:00:01]} Bc5 {[%emt 0:00:05]} 46. Re6+ {[%emt 0:00:01]} Kb7 {[%emt 0:00:01]} 47. Bf3+ {[%emt 0:00:02]} Kc7 {[%emt 0:00:01]} 48. Rc6+ {[%emt 0:00:01]} Kd7 {[%emt 0:00:02]} 49. Rxc5 {[%emt 0:00:00]} Rf1 {[%emt 0:00:23]} 50. Be2 {[%emt 0:00:04]} Rf2 {[%emt 0:00:01]} 51. Kd1 {[%emt 0:00:03]} a6 {[%emt 0:00:02]} 52. Rd5+ {[%emt 0:00:03]} Kc6 {[%emt 0:00:03]} 53. Re5 {[%emt 0:00:01]} Kd6 {[%emt 0:00:03]} 54. Re8 {[%emt 0:00:03]} f4 {[%emt 0:00:04]} 55. Rg8 {[%emt 0:00:02]} f3 {[%emt 0:00:03]} 56. Rxg6+ {[%emt 0:00:03]} Kc5 {[%emt 0:00:00]} 57. Bd3 {[%emt 0:00:03]} Rxa2 {[%emt 0:00:03]} 58. Rf6 {[%emt 0:00:01]} f2 {[%emt 0:00:01]} 59. Bb1 {[%emt 0:00:02]} Rb2 {[%emt 0:00:02]} 60. Bc2 {[%emt 0:00:01]} Kb4 {[%emt 0:00:02]} 61. Rxf2 {[%emt 0:00:01]} a5 {[%emt 0:00:12]} 62. Kc1 {[%emt 0:00:01]} Ra2 {[%emt 0:00:02]} 63. Kb1 {[%emt 0:00:02]} Ka3 {[%emt 0:00:01]} 64. Rf5 {[%emt 0:00:04]} Rb2+ {[%emt 0:00:03]} 65. Kc1 {[%emt 0:00:00]} a4 {[%emt 0:00:19]} 66. bxa4 {[%emt 0:00:06]} bxa4 {[%emt 0:00:01]} 67. Rf3+ {[%emt 0:00:03]} Ka2 {[%emt 0:00:03]} 68. Bf5 {[%emt 0:00:02]} Re2 {[%emt 0:00:35]} 69. Bb1+ Ka1 {[%emt 0:00:02]} 70. Ra3+ {[%emt 0:00:02]} 1-0

[Event "GER-chW Blitz 2019"]
[Site "Magdeburg"]
[Date "2019.05.25"]
[Round "10.8"]
[White "Michna, Marta"]
[Black "Lubbe, Melanie"]
[Result "1/2-1/2"]
[WhiteElo "2355"]
[BlackElo "2278"]
[Annotator "NA"]
[PlyCount "117"]
[EventDate "2019.05.25"]
[EventType "tourn"]
[EventCountry "GER"]
[SourceTitle "playchess.com"]
[Source "ChessBase"]
[SourceQuality "1"]
[TimeControl "180+2"]

1. d4 {[%emt 0:00:00]} Nf6 {[%emt 0:00:00]} 2. c3 {[%emt 0:00:00]} g6 {[%emt 0:00:00]} 3. Nf3 Bg7 {[%emt 0:00:03]} 4. h3 {[%emt 0:00:01]} d6 {[%emt 0:00:01]} 5. Bf4 {[%emt 0:00:01]} b6 6. Nbd2 {[%emt 0:00:03]} Bb7 {[%emt 0:00:04]} 7. Qc2 {[%emt 0:00:02]} Nbd7 {[%emt 0:00:04]} 8. e4 {[%emt 0:00:03]} O-O {[%emt 0:00:06]} 9. Be2 {[%emt 0:00:02]} Re8 {[%emt 0:00:03]} 10. O-O {[%emt 0:00:03]} e5 {[%emt 0:00:01]} 11. dxe5 {[%emt 0:00:01]} dxe5 {[%emt 0:00:05]} 12. Be3 {[%emt 0:00:05]} Nh5 {[%emt 0:00:16]} 13. Rfe1 {[%emt 0:00:02]} Nf4 {[%emt 0:00:06]} 14. Bf1 {[%emt 0:00:00]} Nc5 {[%emt 0:00:12]} 15. Bxc5 {[%emt 0:00:35]} bxc5 {[%emt 0:00:01]} 16. Nc4 {[%emt 0:00:17]} Qf6 {[%emt 0:00:13]} 17. Kh2 {[%emt 0:00:37]} Rad8 {[%emt 0:00:24]} 18. Rad1 {[%emt 0:00:11]} Qe6 {[%emt 0:00:13]} 19. Na5 {[%emt 0:00:25]} Ba6 {[%emt 0:00:15]} 20. Rxd8 Rxd8 {[%emt 0:00:01]} 21. Rd1 {[%emt 0:00:38]} Rxd1 {[%emt 0:00:07]} 22. Qxd1 {[%emt 0:00:01]} Bxf1 {[%emt 0:00:05]} 23. Qxf1 {[%emt 0:00:00]} Qd6 {[%emt 0:00:14]} 24. Nc4 {[%emt 0:00:05]} Qd3 {[%emt 0:00:06]} 25. Qxd3 {[%emt 0:00:03]} Nxd3 {[%emt 0:00:01]} 26. Kg1 {[%emt 0:00:02]} f6 {[%emt 0:00:07]} 27. g3 {[%emt 0:00:01]} Bh6 {[%emt 0:00:03]} 28. Kf1 {[%emt 0:00:06]} Bc1 {[%emt 0:00:04]} 29. b3 {[%emt 0:00:00]} Nb2 {[%emt 0:00:13]} 30. Nxb2 {[%emt 0:00:24]} Bxb2 31. c4 Kf7 {[%emt 0:00:05]} 32. Ke2 {[%emt 0:00:01]} Ke6 {[%emt 0:00:03]} 33. Ne1 {[%emt 0:00:01]} f5 {[%emt 0:00:03]} 34. f3 {[%emt 0:00:02]} Bd4 {[%emt 0:00:03]} 35. Nd3 {[%emt 0:00:01]} Kd6 {[%emt 0:00:03]} 36. g4 {[%emt 0:00:03]} fxe4 {[%emt 0:00:03]} 37. fxe4 {[%emt 0:00:01]} Bg1 {[%emt 0:00:03]} 38. Kf3 {[%emt 0:00:00]} Bd4 {[%emt 0:00:02]} 39. h4 {[%emt 0:00:01]} Ke6 {[%emt 0:00:02]} 40. g5 {[%emt 0:00:01]} Kd6 {[%emt 0:00:03]} 41. Kg4 {[%emt 0:00:01]} Ke6 {[%emt 0:00:01]} 42. h5 {[%emt 0:00:00]} Kd6 {[%emt 0:00:02]} 43. Ne1 {[%emt 0:00:01]} Ke6 {[%emt 0:00:01]} 44. Nf3 {[%emt 0:00:01]} Be3 {[%emt 0:00:05]} 45. Ne1 {[%emt 0:00:08]} Kf7 {[%emt 0:00:11]} 46. Nf3 {[%emt 0:00:05]} Bf4 {[%emt 0:00:06]} 47. h6 {[%emt 0:00:07]} Ke6 {[%emt 0:00:03]} 48. Nh4 {[%emt 0:00:00]} Kf7 {[%emt 0:00:02]} 49. Ng2 {[%emt 0:00:01]} Bd2 {[%emt 0:00:02]} 50. Nh4 {[%emt 0:00:01]} Bc3 {[%emt 0:00:01]} 51. Nf3 {[%emt 0:00:02]} Bb2 {[%emt 0:00:02]} 52. Ne1 {[%emt 0:00:03]} Bd4 {[%emt 0:00:02]} 53. Nd3 {[%emt 0:00:01]} Ke6 {[%emt 0:00:01]} 54. a3 {[%emt 0:00:01]} Kd6 {[%emt 0:00:09]} 55. Ne1 {[%emt 0:00:11]} Ke6 {[%emt 0:00:01]} 56. Nf3 {[%emt 0:00:00]} Bc3 {[%emt 0:00:03]} 57. Nh4 {[%emt 0:00:01]} Kf7 {[%emt 0:00:01]} 58. Ng2 {[%emt 0:00:02]} Bd4 {[%emt 0:00:02]} 59. Nh4 1/2-1/2

[Event "GER-chW Blitz 2019"]
[Site "Magdeburg"]
[Date "2019.05.25"]
[Round "10.9"]
[White "Muetsch, Annmarie"]
[Black "Fuchs, Judith"]
[Result "0-1"]
[WhiteElo "2266"]
[BlackElo "2218"]
[Annotator "NA"]
[PlyCount "52"]
[EventDate "2019.05.25"]
[EventType "tourn"]
[EventCountry "GER"]
[SourceTitle "playchess.com"]
[Source "ChessBase"]
[SourceQuality "1"]
[TimeControl "180+2"]

1. e4 {[%emt 0:00:00]} c6 {[%emt 0:00:00]} 2. d4 {[%emt 0:00:02]} d5 {[%emt 0:00:00]} 3. Nd2 {[%emt 0:00:01]} dxe4 {[%emt 0:00:00]} 4. Nxe4 {[%emt 0:00:01]} Nf6 {[%emt 0:00:01]} 5. Nxf6+ {[%emt 0:00:02]} exf6 {[%emt 0:00:01]} 6. c3 {[%emt 0:00:02]} Bd6 {[%emt 0:00:01]} 7. Bd3 {[%emt 0:00:01]} O-O {[%emt 0:00:02]} 8. Qc2 {[%emt 0:00:01]} Re8+ {[%emt 0:00:05]} 9. Ne2 {[%emt 0:00:01]} h5 {[%emt 0:00:01]} 10. Be3 {[%emt 0:00:04]} Nd7 {[%emt 0:00:02]} 11. O-O-O {[%emt 0:00:03]} Nf8 {[%emt 0:00:01]} 12. Kb1 {[%emt 0:00:03]} Be6 {[%emt 0:00:03]} 13. Ng3 {[%emt 0:00:07]} g6 {[%emt 0:00:16]} 14. Bh6 {[%emt 0:00:14]} f5 {[%emt 0:00:12]} 15. Ne2 {[%emt 0:00:19]} Qc7 {[%emt 0:00:08]} 16. Qd2 {[%emt 0:00:10]} Bd5 {[%emt 0:00:30]} 17. f3 {[%emt 0:00:10]} b5 {[%emt 0:00:20]} 18. Nf4 {[%emt 0:00:12]} Rab8 {[%emt 0:00:12]} 19. Nxd5 {[%emt 0:00:06]} cxd5 {[%emt 0:00:01]} 20. g4 {[%emt 0:00:09]} fxg4 {[%emt 0:00:13]} 21. fxg4 {[%emt 0:00:02]} h4 {[%emt 0:00:15]} 22. Bg5 {[%emt 0:00:22]} b4 {[%emt 0:00:06]} 23. cxb4 {[%emt 0:00:11]} Bxb4 {[%emt 0:00:08]} 24. Qc1 {[%emt 0:00:12]} Qb6 {[%emt 0:00:16]} 25. b3 {[%emt 0:00:17]} a5 {[%emt 0:00:07]} 26. Bf6 {[%emt 0:00:11]} Qxf6 {[%emt 0:00:08]} 0-1

[Event "GER-chW Blitz 2019"]
[Site "Magdeburg"]
[Date "2019.05.25"]
[Round "10.10"]
[White "Siegl, Melina"]
[Black "Kotyk, Valeriya"]
[Result "1-0"]
[WhiteElo "2029"]
[BlackElo "1739"]
[Annotator "NA"]
[PlyCount "69"]
[EventDate "2019.05.25"]
[EventType "tourn"]
[EventCountry "GER"]
[SourceTitle "playchess.com"]
[Source "ChessBase"]
[SourceQuality "1"]
[TimeControl "180+2"]

1. e4 {[%emt 0:00:00]} e6 {[%emt 0:00:00]} 2. Nf3 {[%emt 0:00:02]} d5 {[%emt 0:00:01]} 3. e5 {[%emt 0:00:12]} c5 {[%emt 0:00:01]} 4. c3 {[%emt 0:00:03]} Nc6 {[%emt 0:00:01]} 5. d4 {[%emt 0:00:05]} Qb6 {[%emt 0:00:01]} 6. Be2 {[%emt 0:00:14]} cxd4 {[%emt 0:00:08]} 7. cxd4 {[%emt 0:00:02]} Bb4+ {[%emt 0:00:03]} 8. Nc3 {[%emt 0:00:02]} Bd7 {[%emt 0:00:19]} 9. O-O {[%emt 0:00:04]} Bf8 {[%emt 0:00:14]} 10. a3 {[%emt 0:00:09]} Nge7 {[%emt 0:00:02]} 11. Qd2 {[%emt 0:00:34]} Nf5 {[%emt 0:00:02]} 12. Rd1 {[%emt 0:00:01]} Be7 {[%emt 0:00:01]} 13. b4 {[%emt 0:00:02]} a6 {[%emt 0:00:01]} 14. Na4 {[%emt 0:00:06]} Qa7 {[%emt 0:00:11]} 15. Nc5 {[%emt 0:00:02]} Rd8 {[%emt 0:00:04]} 16. Bb2 {[%emt 0:00:04]} O-O {[%emt 0:00:04]} 17. Bd3 {[%emt 0:00:14]} Nh4 {[%emt 0:00:20]} 18. Nxh4 {[%emt 0:00:17]} Bxh4 {[%emt 0:00:01]} 19. Qf4 {[%emt 0:00:03]} Be7 {[%emt 0:00:05]} 20. Qg4 {[%emt 0:00:09]} g6 {[%emt 0:00:01]} 21. h4 {[%emt 0:00:04]} Rfe8 {[%emt 0:00:04]} 22. h5 {[%emt 0:00:05]} Bf8 {[%emt 0:00:06]} 23. Bc1 {[%emt 0:00:07]} Ne7 {[%emt 0:00:10]} 24. Bg5 {[%emt 0:00:07]} Bb5 {[%emt 0:00:06]} 25. Bc2 {[%emt 0:00:07]} b6 {[%emt 0:00:07]} 26. Nd3 {[%emt 0:00:13]} Rc8 {[%emt 0:00:02]} 27. Rac1 {[%emt 0:00:03]} Nf5 {[%emt 0:00:01]} 28. Nf4 {[%emt 0:00:13]} Be7 {[%emt 0:00:10]} 29. Bf6 {[%emt 0:00:04]} Bf8 {[%emt 0:00:04]} 30. hxg6 {[%emt 0:00:05]} fxg6 {[%emt 0:00:03]} 31. Nxg6 {[%emt 0:00:04]} hxg6 {[%emt 0:00:09]} 32. Qxg6+ {[%emt 0:00:02]} Bg7 {[%emt 0:00:01]} 33. g4 {[%emt 0:00:10]} Nxd4 {[%emt 0:00:20]} 34. Rxd4 {[%emt 0:00:10]} Bd7 {[%emt 0:00:15]} 35. Qxg7# {[%emt 0:00:03] Ra8} 1-0

[Event "GER-chW Blitz 2019"]
[Site "Magdeburg"]
[Date "2019.05.25"]
[Round "10.11"]
[White "Hofmann, Karina"]
[Black "Silz, Elisa"]
[Result "0-1"]
[WhiteElo "1700"]
[BlackElo "1977"]
[Annotator "NA"]
[PlyCount "88"]
[EventDate "2019.05.25"]
[EventType "tourn"]
[EventCountry "GER"]
[SourceTitle "playchess.com"]
[Source "ChessBase"]
[SourceQuality "1"]
[TimeControl "180+2"]

1. f4 {[%emt 0:00:00]} Nf6 {[%emt 0:00:00]} 2. Nf3 {[%emt 0:00:00]} g6 {[%emt 0:00:00]} 3. e3 {[%emt 0:00:02]} Bg7 {[%emt 0:00:00]} 4. Nc3 {[%emt 0:00:01]} d5 {[%emt 0:00:00]} 5. b3 {[%emt 0:00:01]} O-O 6. Bb2 c5 {[%emt 0:00:03]} 7. d4 {[%emt 0:00:04]} Nc6 {[%emt 0:00:04]} 8. dxc5 {[%emt 0:00:03]} e6 {[%emt 0:00:02]} 9. a3 {[%emt 0:00:08]} Re8 {[%emt 0:00:07]} 10. Bd3 {[%emt 0:00:01]} Ng4 {[%emt 0:00:02]} 11. Qd2 {[%emt 0:00:07]} e5 {[%emt 0:00:06]} 12. fxe5 {[%emt 0:00:09]} Ncxe5 {[%emt 0:00:01]} 13. O-O-O {[%emt 0:00:07]} Nxd3+ {[%emt 0:00:11]} 14. Qxd3 {[%emt 0:00:07]} Nf2 {[%emt 0:00:02]} 15. Qxd5 {[%emt 0:00:04]} Qxd5 {[%emt 0:00:03]} 16. Nxd5 {[%emt 0:00:01]} Bxb2+ {[%emt 0:00:05]} 17. Kxb2 {[%emt 0:00:02]} Nxh1 {[%emt 0:00:02]} 18. Rxh1 {[%emt 0:00:01]} Be6 {[%emt 0:00:09]} 19. Nc7 {[%emt 0:00:01]} Rac8 {[%emt 0:00:01]} 20. Nxe8 {[%emt 0:00:03]} Rxe8 {[%emt 0:00:01]} 21. Nd4 {[%emt 0:00:09]} Bd5 {[%emt 0:00:03]} 22. Re1 {[%emt 0:00:19]} Bxg2 {[%emt 0:00:05]} 23. Re2 {[%emt 0:00:12]} Be4 {[%emt 0:00:06]} 24. c4 {[%emt 0:00:03]} Rc8 {[%emt 0:00:06]} 25. b4 {[%emt 0:00:08]} Bd3 {[%emt 0:00:02]} 26. Rd2 {[%emt 0:00:14]} Bxc4 {[%emt 0:00:01]} 27. Kc3 {[%emt 0:00:03]} Bd5 {[%emt 0:00:04]} 28. Nf5 {[%emt 0:00:12]} gxf5 {[%emt 0:00:10]} 29. Rxd5 {[%emt 0:00:01]} Re8 {[%emt 0:00:01]} 30. Kd4 {[%emt 0:00:02]} Re4+ {[%emt 0:00:02]} 31. Kd3 {[%emt 0:00:01]} Rh4 {[%emt 0:00:02]} 32. b5 {[%emt 0:00:15]} Rxh2 {[%emt 0:00:12]} 33. c6 {[%emt 0:00:03]} bxc6 {[%emt 0:00:08]} 34. bxc6 {[%emt 0:00:02]} Rh1 {[%emt 0:00:01]} 35. Rc5 {[%emt 0:00:04]} Rd1+ {[%emt 0:00:03]} 36. Ke2 {[%emt 0:00:01]} Rd8 {[%emt 0:00:01]} 37. Rxf5 {[%emt 0:00:05]} Rc8 {[%emt 0:00:01]} 38. Rc5 {[%emt 0:00:01]} Kf8 {[%emt 0:00:04]} 39. Kd3 {[%emt 0:00:01]} Ke7 {[%emt 0:00:01]} 40. Kc4 {[%emt 0:00:03]} Kd6 {[%emt 0:00:01]} 41. Kb5 {[%emt 0:00:12]} a6+ {[%emt 0:00:08]} 42. Kb6 {[%emt 0:00:07]} Rb8+ {[%emt 0:00:04]} 43. Ka7 {[%emt 0:00:03]} Kxc5 {[%emt 0:00:03]} 44. Kxb8 {[%emt 0:00:05]} Kxc6 {[%emt 0:00:01]} 0-1